[Event "Pripis mem"]
[Site "Moscow"]
[Date "1997.??.??"]
[Round "5"]
[White "Kosteniuk, Alexandra"]
[Black "Annakov, Babakuli"]
[Result "0-1"]
[WhiteElo "2290"]
[BlackElo "2365"]

1.e4 g6 2.d4 Bg7 3.Nc3 d6 4.f4 c6 5.Nf3 Nd7 6.Be2 e5 7.fxe5 dxe5 8.Be3 Ne7
9.dxe5 Qa5 10.O-O Nxe5 11.Nxe5 Qxe5 12.Qe1 O-O 13.Rd1 Qc7 14.Qf2 b5 15.Bc5 Be6
16.Bd6 Qb7 17.Qc5 Rfe8 18.Kh1 Nc8 19.e5 Nxd6 20.Rxd6 Bf5 21.Qxc6 Qxc6 22.Rxc6 Rxe5
23.Bf3 Rae8 24.Kg1 Bxc2 25.Rc7 Bd3 26.Bc6 Re1 27.Rxf7 Bd4+ 28.Kh1 Bxf1 29.Bd5 Bc4+  0-1

[Event "Russia-chB (Women)"]
[Site "Kolontaevo"]
[Date "1998.??.??"]
[Round "?"]
[White "Kosteniuk, Alexandra"]
[Black "Malina, Diana"]
[Result "1-0"]
[WhiteElo "2260"]
[BlackElo "2025"]

1.d4 f5 2.e4 fxe4 3.Nc3 Nf6 4.Bg5 d5 5.Bxf6 exf6 6.Qh5+ g6 7.Qxd5 Bb4 8.Qxe4+ Kf7
9.Bc4+ Kg7 10.Ne2 Re8 11.Qd3 Nc6 12.O-O-O Bf5 13.Qd2 a5 14.Ng3 Qd7 15.Bb5 Qf7
16.Nxf5+ gxf5 17.a3 Bf8 18.Qf4 Red8 19.Qxf5 Ne7 20.Qg4+ Kh8 21.d5 Nxd5 22.Nxd5 Rxd5
23.Bc4 Rxd1+ 24.Rxd1 Qg7 25.Qxg7+ Bxg7 26.Rd7 Bh6+ 27.Kd1 Bf4 28.g3 Bd6 29.Bd3 Re8
30.Rxh7+ Kg8 31.Rh4 Be5 32.c3 c6 33.Rg4+ Kh8 34.h4 b5 35.Re4 Rd8 36.Kc2 Kg7
37.Rg4+ Kf7 38.h5 Rh8 39.Rh4 Rh6 40.Rh1 Ke6 41.f4 Bd6 42.Re1+ Kd7 43.Bf5+ Kc7
44.Bg6 Rh8 45.Re6 Rf8 46.h6  1-0

[Event "Dresden (Women)"]
[Site "Dresden"]
[Date "1999.??.??"]
[Round "?"]
[White "Kosteniuk, Alexandra"]
[Black "Heymann, Ulrike"]
[Result "1/2-1/2"]
[WhiteElo "2320"]
[BlackElo "2195"]

1.d4 g6 2.e4 Bg7 3.Be3 d6 4.Qd2 Nf6 5.f3 a6 6.Nc3 Nbd7 7.Nh3 Rb8 8.Bh6 O-O
9.Nf2 c5 10.dxc5 Nxc5 11.h4 b5 12.h5 Be6 13.Bxg7 Kxg7 14.hxg6 fxg6 15.Qh6+ Kg8
16.g4 Rf7 17.g5 Nh5 18.Rxh5 gxh5 19.b4 Rg7 20.f4 Bf7 21.bxc5 Qa5 22.Nd1 dxc5
23.Qc6 b4 24.Nd5 b3+ 25.c3 Kh8 26.Qxa6 Qd8 27.axb3 Bxd5 28.exd5 Qxd5 29.Qc4 Qf3
30.Nf2 Rd8 31.Rd1 Qe3+ 32.Be2 Rgg8 33.Rd3 Rxd3 34.Nxd3 Ra8 35.Nf2 Ra1+ 36.Nd1 Qg1+
37.Kd2 Ra2+ 38.Kd3 Qe1 39.Ke3 Qg1+ 40.Kd3 Qe1 41.Ke3 Qg1+ 42.Kd3  1/2-1/2

[Event "Corus Reserve Group"]
[Site "Wijk aan Zee NED"]
[Date "2000.01.27"]
[Round "7"]
[White "Kosteniuk,A"]
[Black "Werner,C"]
[Result "1-0"]
[WhiteElo "2409"]
[BlackElo "2314"]

1.e4 e5 2.Bc4 Nf6 3.d3 Nc6 4.Nc3 Bb4 5.Ne2 d5 6.exd5 Nxd5 7.O-O Be6 8.Bb3 O-O
9.Nxd5 Bxd5 10.f4 e4 11.Bxd5 Qxd5 12.c3 exd3 13.cxb4 Rad8 14.Nc3 Qd4+ 15.Rf2 Nxb4
16.Bd2 Nc2 17.Rc1 a6 18.f5 b5 19.f6 g6 20.Qf3 Rfe8 21.Rf1 Ne3 22.Bxe3 Rxe3
23.Qf4 Qxf4 24.Rxf4 c5 25.Re4 Rxe4 26.Nxe4 c4 27.Kf2 h6 28.Ke3 g5 29.Kd2 Kh7
30.g4 Kg6 31.h3 Re8 32.Re1 Re5 33.Re3 b4 34.Re1 Ra5 35.Rc1 Rxa2 36.Rxc4 Rxb2+
37.Kxd3 Rb3+ 38.Kd4 a5 39.Rc8 a4 40.Rg8+ Kh7 41.Rg7+ Kh8 42.Nd6  1-0

[Event "Oz.com qualifier blitz"]
[Site "Internet ICC"]
[Date "2000.03.05"]
[Round "2"]
[White "Demir,G"]
[Black "Kosteniuk,A"]
[Result "1-0"]
[WhiteElo "2247"]
[BlackElo "2409"]

1.d4 f5 2.c4 Nf6 3.g3 g6 4.Nf3 Bg7 5.Bg2 O-O 6.O-O d6 7.Nc3 Qe8 8.d5 a5 9.Ne1 Na6
10.Nd3 Bd7 11.Rb1 c6 12.b3 Nc7 13.Bb2 b5 14.dxc6 Bxc6 15.Bxc6 Qxc6 16.Nxb5 Nxb5
17.cxb5 Qxb5 18.Nf4 Qd7 19.Bxf6 Bxf6 20.Qd5+ Kh8 21.Rfc1 Rfc8 22.Rxc8+ Qxc8
23.Ne6 Rb8 24.Rd1 Qc3 25.Kg2 Rc8 26.Rd2 Qe5 27.e3 Qxd5+ 28.Rxd5 Bc3 29.Rb5 Re8
30.Rb7 Bb4 31.Nc7 Rf8 32.Nd5 Bc5 33.Nxe7 Ra8 34.Nd5 Ra7 35.Rxa7 Bxa7 36.b4 axb4
37.Nxb4 Bc5 38.Nc6 Ba3 39.Kf1 Kg7 40.Ke2 Kf6 41.Kd3 g5 42.Nd4 h5 43.Nc2 Bc5
44.f3 d5 45.a4 h4 46.gxh4 gxh4 47.h3 Bb6 48.f4 Ke6 49.Nd4+ Kf6 50.Nf3 Ke6
51.Nd4+ Kf6 52.Nc6 Ke6 53.a5  1-0

[Event "CHN-RUS Summit Juniors"]
[Site "Shanghai CHN"]
[Date "2001.09.07"]
[Round "1"]
[White "Kosteniuk,A"]
[Black "Xu Yuanyuan"]
[Result "1-0"]
[WhiteElo "2440"]
[BlackElo "2431"]

1.e4 c6 2.d4 d5 3.Nd2 dxe4 4.Nxe4 Bf5 5.Ng3 Bg6 6.h4 h6 7.Nf3 Nf6 8.Ne5 Bh7
9.Bd3 Nbd7 10.Bxh7 Nxe5 11.dxe5 Qa5+ 12.Kf1 Nxh7 13.e6 Qb5+ 14.Kg1 fxe6 15.Qg4 Nf6
16.Qg6+ Kd7 17.Be3 Kc7 18.Kh2 Qc4 19.Rhd1 Qxh4+ 20.Kg1 Qg4 21.Qf7 Rd8 22.Rxd8 Kxd8
23.Bxa7 Nd7 24.Re1 e5 25.Be3 e6 26.f3 Qb4 27.Rd1 Qe7 28.Qh5 Kc7 29.Ne4 Rg8
30.Qg6 Nf6 31.Nxf6 Qxf6 32.Qe8 Qe7 33.Qa8 c5 34.b4 Qh4 35.bxc5 e4 36.Rb1  1-0

[Event "Aeroflot Open"]
[Site "Moscow RUS"]
[Date "2002.02.05"]
[Round "2"]
[White "Kosteniuk,A"]
[Black "Psakhis,L"]
[Result "0-1"]
[WhiteElo "2469"]
[BlackElo "2572"]

1.e4 e6 2.d4 d5 3.Nd2 c5 4.exd5 exd5 5.Ngf3 c4 6.a4 Nc6 7.b3 cxb3 8.Nxb3 Bg4
9.Be2 Bd6 10.O-O Nge7 11.Ne5 Bxe2 12.Qxe2 O-O 13.f4 Qc7 14.Bb2 Rae8 15.Rae1 f6
16.Nd3 Qc8 17.Qf3 b6 18.f5 Qa6 19.Re6 Rd8 20.Qh5 Qc4 21.Re3 Kh8 22.Rh3 h6
23.Rf2 Ng8 24.Bc1 Rfe8 25.g4 Nb4 26.g5 fxg5 27.f6 Nxd3 28.fxg7+ Kh7 29.Rxd3 Re7
30.Bxg5 Rxg7 31.Rf7 Qxc2 32.Rxg7+ Kxg7 33.Rh3 hxg5 34.Qh8+ Kf8 35.Rh7 Qd1+
36.Kg2 Qg4+ 37.Kf2 Qf5+ 38.Kg1 Qf6  0-1

[Event "Aeroflot Open"]
[Site "Moscow RUS"]
[Date "2002.02.06"]
[Round "3"]
[White "Goloshchapov,A"]
[Black "Kosteniuk,A"]
[Result "1-0"]
[WhiteElo "2545"]
[BlackElo "2469"]

1.e4 c5 2.Nf3 Nc6 3.d4 cxd4 4.Nxd4 Nf6 5.Nc3 d6 6.Bg5 e6 7.Qd2 a6 8.O-O-O h6
9.Nxc6 bxc6 10.Bf4 d5 11.Qe3 Bb4 12.a3 Bxc3 13.Qxc3 Nxe4 14.Qxg7 Qf6 15.Qxf6 Nxf6
16.c4 a5 17.f3 Ba6 18.b3 Ke7 19.a4 Nd7 20.Bd3 e5 21.Rhe1 Kd6 22.Bg3 h5 23.f4 f6
24.Bf5 h4 25.Bf2 Rad8 26.g3 Nc5 27.cxd5 Nxb3+ 28.Kc2 Nd4+ 29.Bxd4 exd4 30.dxc6 Kxc6
31.Re6+ Rd6 32.Be4+ Kc5 33.Rxd6 Kxd6 34.Rxd4+ Kc5 35.Kc3 hxg3 36.Rd5+ Kb6
37.Rd6+ Ka7 38.hxg3 Rc8+ 39.Rc6 Rg8 40.Rxf6 Rxg3+ 41.Kd4 Ra3 42.Rf7+ Kb6
43.Rf6+ Ka7 44.Bc6 Bd3 45.Bb5 Bxb5 46.axb5 Kb7 47.Ra6 a4 48.Ke5 Ra1 49.f5 a3
50.Ke6 a2 51.Kf6 Kb8 52.Rb6+ Kc7 53.Rc6+ Kb7 54.Rc2 Kb6 55.Rb2 Kc7 56.Rg2 Kd7
57.b6 Kc6 58.Kg6  1-0

[Event "Aeroflot Open"]
[Site "Moscow RUS"]
[Date "2002.02.07"]
[Round "5"]
[White "Kosteniuk,A"]
[Black "Meshkov,Y"]
[Result "1-0"]
[WhiteElo "2469"]
[BlackElo "2407"]

1.e4 g6 2.d4 Bg7 3.Nc3 d6 4.f4 a6 5.Nf3 b5 6.Bd3 Nd7 7.e5 e6 8.exd6 cxd6
9.d5 e5 10.a4 f5 11.Ng5 e4 12.Ne6 Bxc3+ 13.bxc3 Qb6 14.Be2 Ngf6 15.axb5 Bb7
16.bxa6 Bxd5 17.Nd4 Ke7 18.Be3 Qb2 19.Nb5 Rhb8 20.Bd4 Rxb5 21.c4 Qb4+ 22.c3 Qxc4
23.Bxc4 Bxc4 24.Qa4 d5 25.a7 Ne8 26.Kf2 Bd3 27.c4 Bxc4 28.Qa3+ Ke6 29.Rhb1 Nd6
30.Rxb5 Nxb5  1-0

[Event "St Petersburg vs. Moscow"]
[Site "St Petersburg RUS"]
[Date "2003.05.05"]
[Round "2"]
[White "Novikov,MiV"]
[Black "Kosteniuk,A"]
[Result "0-1"]
[WhiteElo "2401"]
[BlackElo "2452"]

1.d4 d5 2.c4 e6 3.Nf3 Nf6 4.g3 dxc4 5.Bg2 a6 6.O-O Nc6 7.Na3 Bxa3 8.bxa3 Rb8
9.Bb2 O-O 10.Qc2 b5 11.Rad1 Ne7 12.e4 Ng6 13.h4 Bb7 14.Rfe1 Qe7 15.Nh2 e5
16.d5 Rfd8 17.Qe2 h5 18.Bc1 Qc5 19.Bf3 c6 20.d6 Rxd6 21.Bxh5 Nxh5 22.Qxh5 Rd3
23.Rxd3 cxd3 24.Nf3 Qe7 25.Rd1 c5 26.Ng5 Nf8 27.Rxd3 f6 28.Nf3 Bxe4 29.Re3 Bg6
30.Qg4 Qe6 31.Qxe6+ Nxe6 32.Nd2 Kf7 33.Kf1 Rd8 34.Ke1 c4 35.Bb2 Nc5 36.Bc3 Nd3+
37.Kf1 Nc1 38.Ba5 Rc8 39.Re1 Nd3 40.Ra1 c3 41.Nb3 c2 42.Bd2 Rd8 43.f3 Nc5
44.Ke2 Nxb3 45.axb3 Rd3 46.h5 Bh7 47.b4 e4 48.fxe4 Rxg3 49.a4 Bxe4 50.axb5 axb5
51.Ra7+ Ke6 52.h6 gxh6 53.Ra6+ Kf5 54.Rb6 Bd3+ 55.Kf2 Rh3 56.Kg2 Rh4 57.Rd6 Be4+
58.Kf2 Rh1  0-1

[Event "EuTCh w"]
[Site "Plovdiv BUL"]
[Date "2003.10.17"]
[Round "6"]
[White "Kosteniuk,A"]
[Black "Mkrtchian,L"]
[Result "1/2-1/2"]
[WhiteElo "2451"]
[BlackElo "2413"]

1.e4 e6 2.d4 d5 3.Nd2 c5 4.exd5 exd5 5.Bb5+ Nc6 6.Ngf3 Bd6 7.dxc5 Bxc5 8.O-O Ne7
9.Nb3 Bd6 10.Re1 O-O 11.Bd3 h6 12.h3 Nf5 13.c3 Qf6 14.Bc2 Rd8 15.Qd3 g6 16.Qd2 Bf8
17.Qe2 Bg7 18.Bxf5 Bxf5 19.Be3 Be4 20.Nfd4 Ne5 21.Rad1 Nc4 22.Bc1 Rac8 23.Nd2 Nd6
24.Nxe4 dxe4 25.Nb5 Nxb5 26.Rxd8+ Rxd8 27.Qxb5 Qc6 28.Qa5 Qb6 29.Qxb6 axb6
30.f3 exf3 31.gxf3 f5 32.Be3 b5 33.Bc5 Bf8 34.Bxf8 Kxf8 35.Re6 Rd1+ 36.Kf2 Rd2+
37.Ke3 Rxb2 38.Rxg6 Rxa2 39.Rxh6 Ra3 40.Rb6 Rxc3+ 41.Kf4 Rc4+ 42.Kg5 Rc3
43.Rf6+ Kg8 44.Rxf5 b4 45.Kg4 Rc1 46.Rb5 Rb1 47.f4 b3 48.Kf5 b2 49.Rxb7 Rh1
50.Rxb2 Rxh3 51.Kg6 Rg3+ 52.Kf6 Rf3 53.Rb8+ Kh7 54.f5 Rf1 55.Re8 Rf2 56.Re5 Kg8
57.Rd5 Rf1 58.Rd8+ Kh7 59.Ke6 Kg7 60.Rd7+ Kg8 61.Kf6 Rf2 62.Rg7+ Kf8 63.Rc7 Kg8
64.Rc8+ Kh7 65.Ke6 Kg7 66.Rc7+ Kg8 67.Rc4 Re2+ 68.Kf6 Rf2 69.Rg4+ Kf8 70.Kg6 Kg8
71.Rd4 Rg2+ 72.Kf6 Rf2 73.Rd5 Rf1 74.Re5 Kf8 75.Rd5  1/2-1/2

[Event "MTO"]
[Site "Biel SUI"]
[Date "2004.07.19"]
[Round "1"]
[White "Regez,M"]
[Black "Kosteniuk,A"]
[Result "0-1"]
[WhiteElo "2174"]
[BlackElo "2511"]

1.d4 d5 2.c4 e6 3.Nc3 c6 4.Nf3 dxc4 5.e3 b5 6.a4 Bb4 7.Bd2 a5 8.axb5 Bxc3
9.Bxc3 cxb5 10.b3 Bb7 11.bxc4 b4 12.Bb2 Nf6 13.Bd3 Nbd7 14.Qc2 Qc7 15.O-O O-O
16.e4 e5 17.c5 Rfe8 18.Rfe1 exd4 19.Bxd4 Ng4 20.Rad1 Bc6 21.Bc4 Nde5 22.Nxe5 Nxe5
23.Bd5 Rab8 24.Re3 a4 25.Rg3 b3 26.Qb2 Bxd5 27.exd5 f6 28.f4 Nc4 29.Qc3 b2
30.Rb1 Qxf4 31.Qxc4 Re1+ 32.Rxe1 b1=Q 33.d6+ Kf8 34.Re3 Qxe3+  0-1

[Event "MTO"]
[Site "Biel SUI"]
[Date "2004.07.27"]
[Round "8"]
[White "Kosteniuk,A"]
[Black "Herbrechtsmeier,C"]
[Result "1-0"]
[WhiteElo "2511"]
[BlackElo "2289"]

1.e4 b6 2.d4 Bb7 3.Nc3 e6 4.Bd3 Bb4 5.Ne2 Nf6 6.a3 Be7 7.e5 Nd5 8.Ne4 f5
9.N4g3 Bg5 10.h4 Bxc1 11.Qxc1 O-O 12.c4 Ne7 13.Nf4 Kh8 14.Qe3 c5 15.dxc5 Nbc6
16.O-O-O Qc7 17.Rhe1 Rfc8 18.Kb1 Na5 19.b4 bxc5 20.bxa5 Qxa5 21.Bc2 Rab8
22.Kc1 Nc6 23.Nge2 Ba6 24.Qc3 Qc7 25.Rd6 Bxc4 26.Rxc6 dxc6 27.Qxc4 Qxe5 28.Nd3 Qa1+
29.Kd2 Qxa3 30.Qxc5  1-0

[Event "MTO"]
[Site "Biel SUI"]
[Date "2004.07.30"]
[Round "11"]
[White "Thorfinnsson,Br"]
[Black "Kosteniuk,A"]
[Result "1-0"]
[WhiteElo "2431"]
[BlackElo "2511"]

1.d4 d5 2.c4 e6 3.Nc3 c6 4.Nf3 dxc4 5.a4 Bb4 6.e3 b5 7.Bd2 a5 8.axb5 Bxc3
9.Bxc3 cxb5 10.b3 Bb7 11.bxc4 b4 12.Bb2 Nf6 13.Bd3 Nbd7 14.O-O O-O 15.Re1 Ne4
16.Nd2 f5 17.f3 Nxd2 18.Qxd2 Qb6 19.Rab1 Bc6 20.Kh1 Nf6 21.e4 fxe4 22.fxe4 Ng4
23.Rf1 Qc7 24.e5 Qb7 25.d5 exd5 26.h3 Nh6 27.Qg5 dxc4 28.Bxc4+ Nf7 29.Rxf7 Rxf7
30.Rf1 Bxg2+ 31.Qxg2 Qxg2+ 32.Kxg2 Ra7 33.Bd4 Rc7 34.Rxf7 Rxf7 35.Bc5  1-0

[Event "5th YM"]
[Site "Lausanne SUI"]
[Date "2004.09.17"]
[Round "2.1"]
[White "Kosteniuk,A"]
[Black "Lahno,Kateri"]
[Result "0-1"]
[WhiteElo "2511"]
[BlackElo "2472"]

1.e4 e5 2.Nf3 Nf6 3.Nxe5 d6 4.Nf3 Nxe4 5.d4 d5 6.Bd3 Nc6 7.O-O Be7 8.Re1 Bg4
9.c4 Nf6 10.cxd5 Bxf3 11.Qxf3 Qxd5 12.Qg3 Qxd4 13.Nc3 O-O 14.Nb5 Qg4 15.Bf4 Qxg3
16.Bxg3 Rad8 17.Rad1 Bb4 18.Rf1 a6 19.Nxc7 Ba5 20.Bb1 Nd4 21.Bd3 Rd7 22.Be5 Rfd8
23.Rc1 Nc6 24.Bf5 Re7 25.Bxf6 gxf6  0-1

[Event "5th YM"]
[Site "Lausanne SUI"]
[Date "2004.09.18"]
[Round "2.2"]
[White "Lahno,Kateri"]
[Black "Kosteniuk,A"]
[Result "1-0"]
[WhiteElo "2472"]
[BlackElo "2511"]

1.e4 c5 2.Nf3 d6 3.d4 cxd4 4.Nxd4 Nf6 5.Nc3 a6 6.Be2 e6 7.O-O Be7 8.f4 Qc7
9.Kh1 Nbd7 10.Bf3 O-O 11.Qe1 Rb8 12.Qg3 Rd8 13.Re1 Nf8 14.Be3 Ne8 15.Nf5 exf5
16.Nd5 Qd7 17.exf5 Bf6 18.Ba7 Qxf5 19.Bxb8 Be6 20.Nxf6+ Qxf6 21.Ba7 Qxb2
22.Qf2 Rc8 23.Bd4 Qb5 24.Be4 Nd7 25.f5 Bd5 26.a4 Qc6 27.Qf3 Bxe4 28.Qxe4 Nef6
29.Qxc6 Rxc6 30.Rab1 b6 31.c3 h5 32.g3 Kf8 33.Kg2 d5 34.Rb4 Ne4 35.c4 a5
36.Rb5 Rxc4 37.Rxd5 Ndf6 38.Rd8+ Ke7 39.Bxb6 Nd7 40.Bxa5 Rxa4 41.Ra8 Rd4
42.Bc3 Rc4 43.Bxg7 f6 44.Ra7 Ke8 45.Re2 Rd4 46.Bh6 Kd8 47.Bf4 Rc4 48.Ra8+ Ke7
49.Rh8  1-0

[Event "Corus B"]
[Site "Wijk aan Zee NED"]
[Date "2005.01.25"]
[Round "9"]
[White "Kosteniuk,A"]
[Black "Stellwagen,D"]
[Result "0-1"]
[WhiteElo "2490"]
[BlackElo "2524"]

1.e4 e6 2.d4 d5 3.Nc3 Nf6 4.Bg5 dxe4 5.Nxe4 Be7 6.Bxf6 gxf6 7.Nf3 a6 8.Bc4 b5
9.Bb3 f5 10.Ng3 c5 11.c3 c4 12.Bc2 Bb7 13.Qe2 Nd7 14.O-O-O Bd5 15.Rhe1 b4
16.Ba4 Qa5 17.Bxd7+ Kxd7 18.Ne5+ Kc7 19.Kb1 bxc3 20.Nxc4 Qa4 21.b3 Rab8 22.Ka1 Rxb3
23.Ne3 Rd8 24.Qc2 Ra3 25.Nxd5+ Rxd5 26.Qxa4 Rxa4 27.Ne2 Rc4 28.Rd3 Bf6 29.Rc1 Kd6
30.Rcxc3 Rxc3 31.Rxc3 Rxd4 32.Kb1 Rd2 33.Rc2 Rd1+ 34.Rc1 Rd2 35.Rc2 Rd1+
36.Rc1 Rxc1+ 37.Kxc1 Kc5 38.Kc2 Kc4 39.f3 Be5 40.h4 h5 41.Kd2 f4 42.Kc2 Bd6
43.Nc3 f5 44.Ne2 e5 45.Nc1 Kd4 46.Kd2 Bb4+  0-1

[Event "Corus B"]
[Site "Wijk aan Zee NED"]
[Date "2005.01.28"]
[Round "11"]
[White "Karjakin,Sergey"]
[Black "Kosteniuk,A"]
[Result "1-0"]
[WhiteElo "2599"]
[BlackElo "2490"]

1.e4 e5 2.Bc4 Nf6 3.d3 Nc6 4.Nc3 Bb4 5.Ne2 d5 6.exd5 Nxd5 7.O-O Be6 8.Bxd5 Bxd5
9.f4 O-O 10.f5 Bxc3 11.bxc3 f6 12.Ng3 Qd7 13.Be3 Ne7 14.c4 Bc6 15.Qg4 Kh8
16.Rae1 b6 17.Re2 Rf7 18.Qh5 Nc8 19.c5 Rf8 20.Ne4 Qf7 21.Qh4 Qxa2 22.g4 Ne7
23.g5 fxg5 24.Nxg5 Qg8 25.Ref2 Bd7 26.Nxh7 Qxh7 27.Qxe7 Bxf5 28.Qg5 g6 29.h4 Rae8
30.d4 bxc5 31.dxe5 Rf7 32.h5 Re6 33.Bxc5 Qg7 34.Rh2 Qh7 35.Qd8+  1-0

[Event "FIDE WCh Women KO"]
[Site "Ekaterinburg RUS"]
[Date "2006.03.14"]
[Round "2.2"]
[White "Kosteniuk,A"]
[Black "Danielian,E"]
[Result "1-0"]
[WhiteElo "2514"]
[BlackElo "2423"]

1.e4 g6 2.d4 Bg7 3.Nc3 d6 4.Be3 a6 5.a4 Nd7 6.Nf3 e6 7.Qd2 h6 8.Bc4 Ne7 9.a5 g5
10.h4 g4 11.Ng1 Nf6 12.Bd3 Nh5 13.Nge2 d5 14.exd5 exd5 15.Ng3 Nxg3 16.fxg3 c5
17.Na4 c4 18.Be2 Nf5 19.Bf2 h5 20.Nb6 Rb8 21.Be3 Nxg3 22.Bg5 f6 23.Qe3+ Ne4
24.Bf4 Be6 25.Bxc4 f5 26.Bd3 Kf7 27.Bxe4 fxe4 28.O-O Kg8 29.c3 Kh7 30.Bxb8 Qxb8
31.Qg5 Qe8 32.Nxd5 Bxd5 33.Qxd5 e3 34.Rae1 e2 35.Rf2 Qe3 36.Rxe2 Qc1+ 37.Rf1  1-0

[Event "59th ch-RUS 1st League"]
[Site "Tomsk RUS"]
[Date "2006.09.10"]
[Round "8"]
[White "Shabanov,Y"]
[Black "Kosteniuk,A"]
[Result "1-0"]
[WhiteElo "2443"]
[BlackElo "2534"]

1.e4 c5 2.Nf3 Nc6 3.Bb5 d6 4.c3 Qb6 5.Qe2 e5 6.O-O Bg4 7.Na3 a6 8.Ba4 Ne7
9.d3 Ng6 10.h3 Bd7 11.Nc2 Be7 12.b4 O-O 13.Be3 Qc7 14.Bb3 Kh8 15.Bd5 f5 16.exf5 Bxf5
17.bxc5 dxc5 18.Be4 Rad8 19.Rfd1 b5 20.Ng5 Nf4 21.Bxf4 exf4 22.Bxf5 Bxg5
23.Be4 Ne5 24.Qh5 Bh6 25.d4 Nd7 26.Bf3 Qa5 27.dxc5 Qxc3 28.c6 Nf6 29.Rxd8 Rxd8
30.Qf5 g6 31.Qe6 Bg7 32.Rd1 Re8 33.Qb3 Qc5 34.Nb4 a5 35.Nd3 Qf5 36.c7 Qc8
37.Ne5 Bf8 38.Qf7 Bg7 39.Bg4  1-0

[Event "ETCC w"]
[Site "Crete GRE"]
[Date "2007.11.03"]
[Round "6"]
[White "Muzychuk,A"]
[Black "Kosteniuk,A"]
[Result "1/2-1/2"]
[WhiteElo "2469"]
[BlackElo "2515"]

1.e4 e5 2.Nf3 Nc6 3.Bc4 Bc5 4.b4 Bxb4 5.c3 Ba5 6.d4 exd4 7.O-O Nge7 8.cxd4 d5
9.exd5 Nxd5 10.Ba3 Be6 11.Nbd2 Bb4 12.Bxb4 Ncxb4 13.Qa4+ Nc6 14.Bb5 Ne7 15.Rab1 O-O
16.Bxc6 bxc6 17.Rb7 a5 18.Rc1 Ra6 19.Qc2 Bd5 20.Qc5 Ng6 21.Ra7 Rxa7 22.Qxa7 Nf4
23.Re1 Qd7 24.Qxa5 Qg4 25.g3 Nh3+ 26.Kg2 f5 27.Re5 f4 28.Qc3 Ng5 29.Rxd5 cxd5
30.Nxg5 Qxg5 31.Nf3 Qg6 32.Ne5 f3+ 33.Nxf3 Qe4 34.h3 h5 35.Qb3 Kh8 36.Qe3 Qxe3
37.fxe3 Ra8 38.Ng5 Ra3 39.Kf3 Rxa2 40.Ne6 c6 41.Nf4 Ra3 42.Ke2 Kh7 43.Nxh5 Kg6
44.Nf4+ Kf5 45.Nd3 Ra2+ 46.Kf3 Rc2 47.Nf2 Rc3 48.Ke2 c5 49.dxc5 Rxc5 50.Nd3 Rc2+
51.Kf3 Rc3 52.Ke2 Ra3 53.g4+ Ke4 54.Nf2+ Ke5 55.Nd3+ Kd6 56.h4 d4 57.exd4 Kd5
58.Nf4+ Ke4 59.Ne6 Ra2+ 60.Ke1 Ra7 61.Kf2 Re7 62.d5 Kxd5 63.Ng5 Ra7 64.Kg3 Ra3+
65.Kf4 Ra4+ 66.Kg3 Ra3+ 67.Kf4 Kd6 68.Nf3 Ke6 69.Kg3 Kf6 70.Kf4 g6 71.Kg3 Ke6
72.Kf4 Ra4+ 73.Kg3 Kf6 74.Kh3 Ke6 75.Kg3 Kd5 76.h5 gxh5 77.gxh5 Ke6 78.h6 Kf5
79.h7 Ra8 80.Nd4+ Ke5 81.Nf3+ Kf6 82.Kf4 Kg6 83.Ke4 Kxh7 84.Ne5 Kg7 85.Nf3 Kf6
86.Nd4 Rd8 87.Nc6 Re8+ 88.Kd5 Re1 89.Nd4 Re5+ 90.Kc4 Rh5 91.Kd3 Ke5 92.Nf3+ Kd5
93.Ke3 Rf5 94.Nd2 Re5+ 95.Kd3 Re8 96.Nf3 Re4 97.Nd2 Rd4+  1/2-1/2

[Event "1st WMSG Blitz Ind w"]
[Site "Beijing CHN"]
[Date "2008.10.04"]
[Round "9"]
[White "Shen Yang"]
[Black "Kosteniuk,A"]
[Result "0-1"]
[WhiteElo "2450"]
[BlackElo "2525"]

1.d4 Nf6 2.c4 e6 3.Nc3 Bb4 4.Qc2 d5 5.Bg5 h6 6.Bh4 c5 7.cxd5 exd5 8.dxc5 g5
9.Bg3 Ne4 10.e3 Qa5 11.Ne2 Bf5 12.Be5 O-O 13.Nd4 Bg6 14.Bd3 Nd7 15.Bd6 Nxc3
16.bxc3 Bxc3+ 17.Ke2 Bxd3+ 18.Qxd3 Bxa1 19.Rxa1 Nxc5 20.Qb5 Qxb5+ 21.Nxb5 Rfc8
22.Nc7 Ne4 23.Be5 f6 24.Nxa8 fxe5 25.f3 Nf6 26.Rb1 b6 27.Nxb6 axb6 28.Rxb6 Kf7
29.Kd3 Ra8 30.Rb2 Ra3+ 31.Ke2 e4 32.h3 Ke6 33.Kd2 Nd7 34.Rc2 Ne5 35.Ke2 Nc4
36.fxe4 Rxe3+ 37.Kf2 Rxe4 38.a4 Na5 39.Ra2 Ke5 40.Kf3 h5 41.g4 hxg4+ 42.hxg4 d4
43.Rc2 Re3+ 44.Kf2 Rc3 45.Rb2 Nc4 46.Rb5+ Ke4 47.a5 Rc2+ 48.Ke1 Ra2 49.Rxg5 Ke3
50.Kf1 d3 51.Rd5 Rxa5 52.Rd8 Ra1+ 53.Kg2 d2  0-1

[Event "World Blitz"]
[Site "Moscow RUS"]
[Date "2009.11.18"]
[Round "39"]
[White "Grischuk,A"]
[Black "Kosteniuk,A"]
[Result "1-0"]
[WhiteElo "2736"]
[BlackElo "2517"]

1.d4 Nf6 2.c4 e6 3.Nc3 Bb4 4.e3 O-O 5.Bd3 d5 6.cxd5 exd5 7.Ne2 c5 8.a3 cxd4
9.axb4 dxc3 10.O-O Nc6 11.b5 Ne5 12.Nxc3 Qd6 13.h3 Rd8 14.Bc2 Be6 15.Ra4 Nc4
16.b3 Nb6 17.Rd4 Rac8 18.Bb2 Qc7 19.Bb1 Qe5 20.Ne2 Qg5 21.f4 Qh5 22.Qe1 Bd7
23.Bd3 Ne4 24.Ng3 Nxg3 25.Qxg3 f6 26.f5 Qe8 27.Rg4 Qe7 28.Bd4 Be8 29.Rff4 h5
30.Rh4 Rc1+ 31.Rf1 Rdc8 32.Rf4 Nd7 33.Rxc1 Rxc1+ 34.Rf1 Rc8 35.Be2 b6 36.Qh4 Qf7
37.Qf4 Nc5 38.Rc1 Rd8 39.b4 Nb3 40.Rc7 Qf8 41.Bc3 Nc1 42.Bf1 Na2 43.Bd2 Bf7
44.Qd4 Rc8 45.Rc6 a5 46.bxa5 bxa5 47.Bxa5 Re8 48.Bd2 Qa3 49.b6 Qb3 50.Rc7 Qb1
51.b7  1-0

[Event "1st ACP Women World Rapid Cup"]
[Site "Konya TUR"]
[Date "2009.12.03"]
[Round "9"]
[White "Ozturk,Ku"]
[Black "Kosteniuk,A"]
[Result "0-1"]
[WhiteElo "2177"]
[BlackElo "2517"]

1.d4 Nf6 2.c4 e6 3.Nf3 c5 4.Nc3 cxd4 5.Nxd4 Bb4 6.Qc2 Qc7 7.e3 Nc6 8.Nb5 Qb8
9.a3 Be7 10.Ne4 Nxe4 11.Qxe4 O-O 12.Qc2 b6 13.Bd3 f5 14.O-O Bb7 15.b4 a6
16.Nd4 Bd6 17.f4 Nxd4 18.exd4 Rc8 19.Be3 Be7 20.Rac1 a5 21.Qb2 axb4 22.axb4 Ra4
23.c5 Bd5 24.Ra1 Rxa1 25.Qxa1 bxc5 26.bxc5 Qb3 27.Qd1 Qa3 28.Bf2 Rb8 29.Re1 Bf6
30.Bf1 Qa2 31.Qe2 Rb2 32.Qe3 Qa4 33.Be2 Qb4 34.Rd1 Rb3 35.Qd2 Qb7 36.Bf1 Be4
37.Rc1 Rb2 38.Qc3 Qb8 39.Rd1 Rc2 40.Qe3 Qb2 41.h3 Qa2 42.g3 Rb2 43.Bg2 Qa4
44.Rd2 Rb3 45.Qe2 Qa1+ 46.Kh2 Qc3 47.Bxe4 fxe4 48.Rc2 Qd3 49.Rd2 Qb1 50.c6 dxc6
51.Qc4 Kf7 52.Qxc6  0-1

[Event "ch-SUI"]
[Site "Lenzerheide SUI"]
[Date "2010.07.08"]
[Round "1"]
[White "Kosteniuk,A"]
[Black "Zueger,B"]
[Result "1-0"]
[WhiteElo "2519"]
[BlackElo "2404"]

1.e4 e6 2.d4 d5 3.Nc3 Nf6 4.Bg5 Bb4 5.e5 h6 6.Bc1 Ne4 7.Qg4 Kf8 8.Ne2 f5
9.Qh3 c5 10.f3 Ng5 11.Bxg5 Qxg5 12.f4 Qd8 13.a3 Qa5 14.O-O-O Bxc3 15.Nxc3 c4
16.g4 Nc6 17.gxf5 exf5 18.Rg1 Ne7 19.Qh4 Rg8 20.Rd2 Qa6 21.Rdg2 Qe6 22.Nb5 Rb8
23.Nc7 Qc6 24.Rxg7 Rxg7 25.Rxg7 Kxg7 26.Qxe7+ Kg6 27.e6 Bxe6 28.Nxe6 Rg8
29.Be2 c3 30.h4 h5  1-0

[Event "ch-RUS Rapid Women"]
[Site "Olginka RUS"]
[Date "2011.04.26"]
[Round "9"]
[White "Galliamova,A"]
[Black "Kosteniuk,A"]
[Result "1-0"]
[WhiteElo "2497"]
[BlackElo "2503"]

1.d4 Nf6 2.c4 e6 3.g3 d5 4.Bg2 Bb4+ 5.Nd2 O-O 6.Qc2 c5 7.Nf3 cxd4 8.Nxd4 e5
9.Nb3 d4 10.O-O Bg4 11.Bxb7 Bxe2 12.Bxa8 d3 13.Qb1 Bxf1 14.Nxf1 e4 15.Bg5 Re8
16.Nbd2 Qd4 17.Be3 Qd7 18.a3 Bd6 19.Kg2 Nc6 20.Bxc6 Qxc6 21.b4 Be5 22.Ra2 Nh5
23.c5 f5 24.Qb3+ Kf8 25.Nc4 f4 26.gxf4 Nxf4+ 27.Kh1 Qd5 28.Ncd2 Qd7 29.Qc4 Nd5
30.Qxe4 Nc3 31.Qf3+ Kg8 32.Rb2 Rf8 33.Qg2 Rf6 34.Rb3 Qe6 35.c6 Rg6 36.Ng3 h5
37.c7 Kh7 38.Qb7 Qc6+ 39.Qxc6 Rxc6 40.Bxa7 Rxc7 41.Bb8  1-0

[Event "ch-Euro Indiv Women"]
[Site "Tbilisi GEO"]
[Date "2011.05.10"]
[Round "4"]
[White "Charochkina,D"]
[Black "Kosteniuk,A"]
[Result "1/2-1/2"]
[WhiteElo "2320"]
[BlackElo "2522"]

1.d4 Nf6 2.c4 e6 3.Nc3 Bb4 4.Qc2 d5 5.cxd5 exd5 6.Bg5 c5 7.dxc5 h6 8.Bh4 g5
9.Bg3 Ne4 10.e3 Qa5 11.Ne2 Bf5 12.Be5 O-O 13.Nd4 Re8 14.Bxb8 Nxc3 15.Nxf5 Ne4+
16.Kd1 Raxb8 17.f3 Rbc8 18.fxe4 dxe4 19.Bc4 Rxc5 20.Nd4 b5 21.Bxf7+ Kxf7
22.Rf1+ Kg8 23.Qf2 Rc7 24.Qf5 Qa4+ 25.b3 Qa6 26.a3 Bf8 27.Qd5+ Kh8 28.Rf7 Rxf7
29.Qxf7 Rd8 30.Rc1 Bg7 31.Rc7 Qf6 32.Qxf6 Bxf6 33.Rxa7 Bxd4 34.exd4 Rxd4+
35.Ke2 Rd3 36.b4 Rb3  1/2-1/2

[Event "16th ECC w"]
[Site "Rogaska Slatina SLO"]
[Date "2011.09.30"]
[Round "6.2"]
[White "Dzagnidze,N"]
[Black "Kosteniuk,A"]
[Result "1/2-1/2"]
[WhiteElo "2525"]
[BlackElo "2469"]

1.d4 Nf6 2.c4 e6 3.Nc3 Bb4 4.e3 O-O 5.Ne2 d5 6.a3 Be7 7.cxd5 exd5 8.Ng3 Re8
9.Bd3 b6 10.O-O Bd6 11.b4 c6 12.Bb2 Ng4 13.Nce2 h5 14.h3 h4 15.hxg4 hxg3
16.Nxg3 Qh4 17.Qe1 Bxg4 18.f4 Bc7 19.Rc1 a6 20.e4 dxe4 21.Bxe4 Ra7 22.d5 Qh6
23.Qf2 cxd5 24.Bxd5 Bd6 25.Ne4 Be7 26.Qg3 Bf5 27.Ng5 Bf6 28.Bxf6 Qxf6 29.Qb3 Bg6
30.Qc3 Rd7 31.Bc4 Rc7 32.Qb3 Qd4+ 33.Kh1 b5 34.Bd5 Rxc1 35.Bxf7+ Kf8 36.Rxc1 Qxf4
37.Bxg6 Qxc1+ 38.Kh2 Qf4+ 39.g3 Qf2+ 40.Kh3 Qf1+ 41.Kh4 Re5 42.Ne6+ Ke7 43.Nf4 Qc4
44.Qb2 Qc7 45.Nd3 Nd7 46.Nxe5 Nxe5 47.Be4 Qd6 48.Qc1 Nc4 49.Qg5+ Qf6 50.Bb7  1/2-1/2

[Event "FIDE Women's World Teams"]
[Site "Mardin TUR"]
[Date "2011.12.22"]
[Round "5"]
[White "Kosteniuk,A"]
[Black "Zhao Xue"]
[Result "0-1"]
[WhiteElo "2439"]
[BlackElo "2541"]

1.d4 Nf6 2.c4 e6 3.Nf3 b6 4.a3 Ba6 5.Qb3 d5 6.cxd5 exd5 7.Nc3 Be7 8.g3 O-O
9.Bg2 c5 10.dxc5 Nc6 11.O-O bxc5 12.Rd1 d4 13.Qc2 Rc8 14.e4 Re8 15.Nd5 Nxd5
16.exd5 Na5 17.Bd2 Nc4 18.Qa4 Qb6 19.Bc1 d3 20.Qd7 Bf6 21.Rb1 Red8 22.Qf5 Nxa3
23.Ra1 Nc2 24.Ra4 g6 25.Qg4 h5 26.Qe4 Bb5 27.Ra2 Nb4 28.Ra3 Re8 29.Qf4 Nxd5
30.Qh6 Bg7 31.Qg5 Nb4 32.g4 hxg4 33.Qxg4 Nc2 34.Rc3 Qe6 35.Qh4 Qe2 36.Rf1 Qe4
37.Qh3 Qf5 38.Qg3 Rcd8 39.Rb3 c4 40.Rc3 Nd4 41.Nxd4 Rxd4 42.Bh3 Qh5 43.Be3 Rh4
44.Bg2 Be5 45.f4 Bxc3 46.bxc3 Rg4 47.Qf3 Rxe3 48.Qxe3 Bc6  0-1